| 000 | 00626nam a22001937a 4500 | ||
|---|---|---|---|
| 003 | OSt | ||
| 005 | 20251121144411.0 | ||
| 008 | 251121b |||||||| |||| 00| 0 eng d | ||
| 020 | _a962-593-851-6 | ||
| 040 |
_aDWC-Main lib _cOC |
||
| 082 | _aRes. 641.6 B678 2001 | ||
| 100 | _aLee, G.B. | ||
| 245 |
_aDelicious asian seafoods _cLee, Geok Boi |
||
| 260 |
_aSingapore : _bPeriplus, _cc2001 |
||
| 300 |
_a64 pages : _bcolored illustration : _c20 cm. |
||
| 504 | _aIncludes index | ||
| 650 | _2Cookery (seafoods) | ||
| 942 |
_2ddc _cBK-0 CIRC _ePeriplus editions _hRes. 641.6 B678 2001 _kRes. _n0 |
||
| 999 |
_c6013 _d6013 |
||